| 000 | 01041nam0a22002771 4500 | ||
|---|---|---|---|
| 001 | rc\2923965 | ||
| 005 | 20250806211452.0 | ||
| 035 | _a(NLR Aleph) 007073917 | ||
| 090 |
_a48690 _c48690 |
||
| 100 | _a20110815d1943 u y0rusy50 ca | ||
| 101 | 0 | _arus | |
| 102 | _aRU | ||
| 105 | _aa z ||||| | ||
| 200 | 1 |
_aРемнонт путей трамвая в условиях военного времени _fВ.Г. Сосянц, Б.В. Овечников, Е.Н. Хилькевич, Н.М. Вахмистров |
|
| 210 |
_aМосква _aЛенинград _cИзд-во Наркома РСФСР _d1943 _eМосква |
||
| 215 |
_a72 с. _cил., черт. _d22 см |
||
| 700 | 1 |
_aСосянц _bВ.Г. _gВасилий Георгиевич |
|
| 701 | 1 |
_aОвечников _bБ.В. |
|
| 701 | 1 |
_aХилькевич _bЕ.Н. |
|
| 801 | 0 |
_aRU _bNLR _gpsbo |
|
| 801 | 1 |
_aRU _bELAR _2rusmarc |
|
| 852 |
_aNLR _jТ88 Г-6/11 |
||
| 942 | _cBOOK | ||
| 945 | _aРоссийская национальная библиотека | ||
| 980 | _aNB | ||
| 980 | _aBV | ||